书目信息 |
| 题名: |
软件技术基础
|
|
| 作者: | 黄迪明 主编 | |
| 分册: | ||
| 出版信息: | 成都 电子科技大学出版社 2004.06 |
|
| 页数: | 325页 | |
| 开本: | 26cm | |
| 丛书名: | ||
| 单 册: | ||
| 中图分类: | TP315 | |
| 科图分类: | ||
| 主题词: | 软件 | |
| 电子资源: | ||
| ISBN: | 7-81043-928-6 | |
| 000 | 00584nam0 2200205 450 | |
| 001 | 0859851828 | |
| 005 | 20080303163855.79 | |
| 010 | @a7-81043-928-6@dCNY25.00 | |
| 100 | @a20080303d2004 km y0chiy0120 ea | |
| 101 | 0 | @achi |
| 102 | @aCN | |
| 200 | 1 | @a软件技术基础@Aruan jian ji shu ji chu@f黄迪明主编@Fhuang di ming zhu bian |
| 205 | @a2版 | |
| 210 | @a成都@c电子科技大学出版社@d2004.06 | |
| 215 | @a325页@d26cm | |
| 606 | 0 | @a软件 |
| 690 | @aTP315@v4 | |
| 701 | 0 | @a黄迪明@Ahuang di ming@4主编 |
| 801 | 0 | @aCN@b大连网信软件有限公司图书馆·11@c20080303 |
| 905 | @aZUCC@dTP315@eH824 | |
| 软件技术基础/黄迪明主编.-2版.-成都:电子科技大学出版社,2004.06 |
| 325页;26cm |
| ISBN 7-81043-928-6:CNY25.00 |
| ● |
| 相关链接 |
|
|
|
正题名:软件技术基础
索取号:TP315/H824
 
预约/预借
| 序号 | 登录号 | 条形码 | 馆藏地/架位号 | 状态 | 备注 |
| 1 | 479133 | 204791332 | 计算机与数据科学学院资料室/ [索取号:TP315/H824] | 在馆 |